Demain nous appartient : prénoms des personnages décédés - Statistiques

Statistiques générales
  • Ce quiz a été pris 203 fois
  • Le résultat moyen est 10 sur 23
Statistiques - réponses
Hint Réponse % Correct
Dumaze Renaud
76%
Beddiar Leïla
74%
Véry Marc
74%
Brunet Lola
68%
Girard Sacha
65%
Doucet Clémentine
64%
Garnier Emma
62%
Guérin Alma
57%
Beddiar Lyès
56%
Kersal Louise
55%
Molina Arnaud
44%
Raynaud Guy
36%
Corkas Mickaël
35%
Vallorta Elisabeth
34%
Feray Albane
30%
Saeed Malik
30%
Guého Franck
26%
Diallo Cédric
20%
Kovak John
19%
Bertrand Jacques
17%
Lazzari Philippe
17%
Daunier Régis
14%
Benkieff Chemsa
13%
Aucun quiz correspondant
Distribution des résultats
% des personnes avec chaque résultat
Percentile par nombre de réponses
Votre historique - résultats
Vous n’avez pas pris ce quiz